| 000 | 00922nam a2200253Ia 4500 | ||
|---|---|---|---|
| 003 | OSt | ||
| 005 | 20220930190143.0 | ||
| 006 | a|||||r|||| 00| 0 | ||
| 007 | ta | ||
| 008 | 220926b |||||||| |||| 00| 0 hin d | ||
| 020 |
_a8171196020 (pbk) _c50 |
||
| 024 | _a1339 | ||
| 037 |
_b576, 23/03/2009, Vani Prakashan _cTextbook |
||
| 040 |
_aCRL _cCRL _bhin |
||
| 041 |
_2hin _ahin |
||
| 082 | _aO152,3N32:gx, N4 | ||
| 100 | _aजैन, निर्मला, संपा. | ||
| 245 | 0 |
_aअंतस्तल का पूरा विप्लव _b अॅंधेरे में |
|
| 246 | _aGulerī rachanāvalī | ||
| 260 |
_aनई दिल्ली, _bराधाकृष्ण, भारत _c1994 |
||
| 300 |
_a154पृ0 _ccm. |
||
| 942 |
_hO152,3N32:gx, N4 _cTB _2CC |
||
| 999 |
_c891681 _d891681 |
||